000 00316nam a22001097a 4500
999 _c65028
_d65025
082 _a297.922
100 _aڈاکٹر نور محمد غفاری
245 _aنبی کریم ص کی معاشی زندگی
260 _aاردو نگر ملتان
_bعتیق پبلشنگ ہاؤس
_c1993
300 _a405
942 _cBK